[Event "CRO-ch U13"]
[Site "Trogir"]
[Date "2022.06.24"]
[Round "5"]
[White "Rehak, Bozidar"]
[Black "Delibasic, Dominik"]
[Result "1/2-1/2"]
[WhiteElo "1186"]
[BlackElo "1540"]
[PlyCount "94"]
[EventDate "2022.06.22"]
[EventType "swiss"]
[EventRounds "9"]
[EventCountry "CRO"]
[SourceTitle "CBM 209 Extra"]
[Source "ChessBase"]
[SourceDate "2022.09.30"]
[SourceVersion "1"]
[SourceVersionDate "2022.09.30"]
[SourceQuality "1"]

1. d4 Nf6 2. Bf4 e6 3. Nf3 Be7 4. e3 b6 5. Nbd2 Bb7 6. Bd3 0-0 7. c4 d5 8. 0-0 Nbd7 9. Qc2 c5 10. b3 Rc8 11. Ne5 h6 12. Ndf3 Nh5 13. Bg3 Nxg3 14. fxg3 Bd6 15. Nxd7 Qxd7 16. Rf2 Qe7 17. Raf1 f5 18. Nh4 Qg5 19. Qe2 g6 20. Nf3 Qe7 21. Nd2 Qg5 22. Nf3 Qg4 23. Ne5 Qxe2 24. Bxe2 Bxe5 25. dxe5 Rcd8 26. g4 d4 27. exd4 Rxd4 28. gxf5 exf5 29. Bf3 Be4 30. Re1 Re8 31. Rfe2 Rxe5 32. Bxe4 Rdxe4 33. Rxe4 fxe4 34. Kf2 Kf7 35. Ke3 Kf6 36. Rd1 Re6 37. Rd7 a5 38. a4 Kf5 39. Rf7+ Kg5 40. Rf4 h5 41. Rxe4 Rd6 42. Ke2 Kf5 43. Re8 Re6+ 44. Rxe6 Kxe6 45. g3 g5 46. h3 h4 47. g4 Kf6 1/2-1/2

[Event "CRO-ch U11"]
[Site "Trogir"]
[Date "2020.08.25"]
[Round "3"]
[White "Rehak, Bozidar"]
[Black "Petrus, Adrian"]
[Result "1-0"]
[WhiteElo "1087"]
[BlackElo "1336"]
[PlyCount "49"]
[EventDate "2020.08.24"]
[EventType "swiss"]
[EventRounds "9"]
[EventCountry "CRO"]
[SourceTitle "CBM 198 Extra"]
[Source "ChessBase"]
[SourceDate "2020.11.30"]
[SourceVersion "1"]
[SourceVersionDate "2020.11.30"]
[SourceQuality "1"]

1. e4 Nf6 2. Nc3 d5 3. e5 Nfd7 4. d4 e6 5. Nf3 c5 6. Be3 Nc6 7. Qe2 Qc7 8. 0-0-0 b6 9. Nb5 Qb8 10. a4 a6 11. Nc3 Bb7 12. Qe1 cxd4 13. Bxd4 Nxd4 14. Rxd4 Bc5 15. Rg4 0-0 16. Bd3 d4 17. Ne4 Kh8 18. Neg5 h6 19. Rh4 Kg8 20. Nh7 Re8 21. Qd2 Nxe5 22. Nf6+ gxf6 23. Qxh6 Nxd3+ 24. cxd3 Qf4+ 25. Qxf4 1-0